000 00580cam a22002171 4500
001 af 48005084
003 DLC
005 20260227110912.0
008 890525s1943 gw 000 0 ger c
010 _aaf 48005084
035 _a(OCoLC)19764818
040 _aYale Univ. Library
_cCU
_dCU
_dDLC
042 _apremarc
050 0 0 _aPT2638.A42
_bR4 1943
100 1 _aSchäfer, Wilhelm,
_d1868-1952.
245 1 4 _aDer Rebell von Freiburg.
250 _a[5. Aufl.]
260 _aGütersloh,
_bC. Bertelsmann
_c[1943]
300 _a59 p.
_c18 cm.
440 0 _aKleine Feldpost-Reihe
999 _c6343
_d6343